[Event "Specialiste op"]
[Site "Montreal CAN"]
[Date "1999.01.23"]
[Round "3"]
[White "Khaziyeva, Dinara"]
[Black "Desjardins, Andre"]
[Result "0-1"]
[WhiteElo "1695"]
[BlackElo "2235"]
[PlyCount "116"]
[GameId "2160767911805730"]
[EventDate "1999.01.22"]
[EventType "swiss"]
[EventRounds "5"]
[EventCountry "CAN"]

1. e4 c5 2. Nf3 Nc6 3. d4 cxd4 4. Nxd4 Nf6 5. Nc3 e5 6. Ndb5 d6 7. Bg5 a6 8. Na3 b5 9. Nd5 Be7 10. Bxf6 Bxf6 11. Nxf6+ Qxf6 12. c3 Bb7 13. Bd3 Ne7 14. O-O Ng6 15. Re1 Nf4 16. Bf1 Qg6 17. Qc2 O-O 18. f3 Rfe8 19. Rad1 Rad8 20. Rd2 d5 21. Red1 Qb6+ 22. Kh1 dxe4 23. Rxd8 Rxd8 24. Rxd8+ Qxd8 25. fxe4 g6 26. Nb1 Kg7 27. Nd2 Qd6 28. Nf3 f6 29. Qd2 Qe6 30. Qe3 Qxa2 31. Qc5 Qf7 32. b4 h5 33. h4 Kh7 34. c4 Bxe4 35. cxb5 axb5 36. Bxb5 Qb7 37. Kg1 Ne6 38. Qd6 Bf5 39. Bd7 Qc7 40. Qxc7 Nxc7 41. Bxf5 gxf5 42. Kf2 Kg6 43. g3 Kf7 44. Ke2 Nd5 45. b5 Nc3+ 46. Kd3 Nxb5 47. Kc4 Nd6+ 48. Kd5 Ne4 49. Nxe5+ fxe5 50. Kxe5 Nxg3 51. Kf4 Kf6 52. Kxg3 Ke5 53. Kf3 f4 54. Kf2 Ke4 55. Ke2 f3+ 56. Kf1 Kf4 57. Kg1 Kg3 58. Kf1 f2 0-1

[Event "Specialiste op"]
[Site "Montreal CAN"]
[Date "1999.01.23"]
[Round "3"]
[White "Roussel-Roozmon, Thomas"]
[Black "Lacroix, Serge"]
[Result "1/2-1/2"]
[Annotator "Desktop,Administrative"]
[WhiteElo "1669"]
[BlackElo "1928"]
[PlyCount "64"]
[GameId "2160767739382520"]
[EventDate "1999.01.22"]
[EventType "swiss"]
[EventRounds "5"]
[EventCountry "CAN"]
[SourceTitle "Lacroix"]

1. d4 Nf6 2. c4 e6 3. Nc3 Bb4 4. Nf3 c5 5. e3 O-O 6. Bd3 d5 7. O-O Bxc3 8. bxc3 dxc4 9. Bxc4 Nbd7 10. Qe2 Ne4 11. Qc2 Ndf6 12. Bd3 Nd6 13. dxc5 Nde8 14. Ba3 Qc7 15. Rfd1 Kh8 16. Nd4 a6 17. Nb3 Ng4 18. g3 Nef6 19. Bf1 Ne5 20. Nd4 Re8 21. f4 Neg4 22. Re1 e5 23. Nf3 exf4 24. exf4 Bd7 25. Bg2 Bc6 26. Qd3 Rad8 27. Nd4 Bxg2 28. Kxg2 Nd5 29. c6 bxc6 30. Qxa6 c5 31. Nf3 Nge3+ 32. Kg1 Ra8 {etc.} 1/2-1/2

[Event "Specialiste op"]
[Site "Montreal CAN"]
[Date "1999.01.24"]
[Round "4"]
[White "Angers, Gilles"]
[Black "Schleifer, Michael"]
[Result "0-1"]
[WhiteElo "2021"]
[BlackElo "2433"]
[PlyCount "79"]
[GameId "2160767911805731"]
[EventDate "1999.01.22"]
[EventType "swiss"]
[EventRounds "5"]
[EventCountry "CAN"]

1. e4 g6 2. d4 Bg7 3. c3 d6 4. f4 Nf6 5. Bd3 O-O 6. Nf3 c5 7. O-O cxd4 8. cxd4 Nc6 9. Nc3 Bg4 10. Be3 e5 11. fxe5 dxe5 12. d5 Nd4 13. Ne2 Nxf3+ 14. gxf3 Bh3 15. Rf2 Nh5 16. Qd2 f5 17. Bg5 Bf6 18. Bxf6 Rxf6 19. f4 fxe4 20. Bxe4 Qb6 21. Bg2 Bg4 22. Raf1 Nxf4 23. Nxf4 exf4 24. Kh1 g5 25. Be4 Bf5 26. Qd3 Bxe4+ 27. Qxe4 Qd6 28. Rg2 Rg6 29. Rfg1 h6 30. h4 Kg7 31. Qd4+ Qf6 32. Qb4 b6 33. h5 Qd6 34. Qc3+ Rf6 35. Re1 Raf8 36. Qd4 Kg8 37. Rc2 f3 38. Rf1 Rf4 39. Qf2 Rh4+ 40. Kg1 0-1

[Event "Specialiste op"]
[Site "Montreal CAN"]
[Date "1999.01.24"]
[Round "4"]
[White "Galustov, Karen"]
[Black "Lacroix, Serge"]
[Result "1-0"]
[WhiteElo "1500"]
[BlackElo "1928"]
[PlyCount "49"]
[GameId "2160767911805733"]
[EventDate "1999.01.22"]
[EventType "swiss"]
[EventRounds "5"]
[EventCountry "CAN"]
[SourceTitle "Lacroix"]

1. e4 e6 2. d4 d5 3. Nc3 Nf6 4. Bg5 Bb4 5. e5 h6 6. exf6 hxg5 7. fxg7 Rg8 8. h4 Qf6 9. hxg5 Qxg5 10. Nf3 Qxg7 11. Qd2 Nc6 12. a3 Ba5 13. O-O-O a6 14. Qe3 Ne7 15. Bd3 Rh8 16. Rxh8+ Qxh8 17. Ne2 Bd7 18. Ng3 O-O-O 19. Rh1 Qf6 20. Rh6 Qg7 21. Rh7 Qg8 22. Ne5 Rf8 23. Qh6 Ng6 24. Nxd7 Kxd7 25. Bxg6 1-0

[Event "Specialiste op"]
[Site "Montreal CAN"]
[Date "1999.01.24"]
[Round "4"]
[White "Mikanovic, Goran"]
[Black "Boulay, David"]
[Result "1-0"]
[WhiteElo "2378"]
[BlackElo "2030"]
[PlyCount "79"]
[GameId "2160767911805734"]
[EventDate "1999.01.22"]
[EventType "swiss"]
[EventRounds "5"]
[EventCountry "CAN"]

1. d4 Nf6 2. c4 g6 3. Nc3 Bg7 4. e4 d6 5. Nf3 O-O 6. Be2 e5 7. O-O Nc6 8. d5 Ne7 9. b4 Ne8 10. c5 Kh8 11. Nd2 f5 12. f3 f4 13. Nc4 Rg8 14. a4 h5 15. Ba3 Bf8 16. b5 b6 17. cxd6 cxd6 18. a5 g5 19. axb6 axb6 20. Bxd6 Nxd6 21. Rxa8 Nxc4 22. Bxc4 Qd6 23. Na4 g4 24. Kh1 Bg7 25. Qe1 g3 26. hxg3 Bh6 27. Qf2 Qf6 28. g4 hxg4 29. fxg4 Rg6 30. Rb8 Bg5 31. Qxb6 Qf8 32. Qc5 Qh6+ 33. Kg1 f3 34. Rxf3 Rg8 35. Rh3 Bh4 36. Qe3 Qxe3+ 37. Rxe3 Bg5 38. Rh3+ Kg7 39. d6 Bxg4 40. dxe7 1-0

[Event "Specialiste op"]
[Site "Montreal CAN"]
[Date "1999.01.24"]
[Round "4"]
[White "Soudre, Nicolas"]
[Black "Hebert, Jean"]
[Result "0-1"]
[WhiteElo "2137"]
[BlackElo "2482"]
[PlyCount "72"]
[GameId "2160767911805735"]
[EventDate "1999.01.22"]
[EventType "swiss"]
[EventRounds "5"]
[EventCountry "CAN"]

1. e4 c5 2. Nc3 Nc6 3. f4 e6 4. Nf3 d5 5. Bb5 Nf6 6. e5 Nd7 7. Bxc6 bxc6 8. d3 Ba6 9. O-O c4 10. d4 g6 11. Ne2 c3 12. b3 Qa5 13. Re1 c5 14. Be3 Rc8 15. a3 Be7 16. dxc5 Bxe2 17. Qxe2 Bxc5 18. b4 Bxe3+ 19. Qxe3 Qb6 20. Qxb6 axb6 21. Re3 Rc4 22. g3 Ke7 23. Rd3 Ra8 24. Rd4 Rc7 25. Rd3 f6 26. Kf2 fxe5 27. Nxe5 Nxe5 28. fxe5 Rc4 29. Ke2 g5 30. Re3 g4 31. Kd3 Rf8 32. Rae1 Kd7 33. Ke2 Kc6 34. Rb1 d4 35. Re4 Kd5 36. Rxg4 d3+ 0-1

[Event "Specialiste op"]
[Site "Montreal CAN"]
[Date "1999.01.24"]
[Round "5"]
[White "Gottlieb, Jonathan"]
[Black "Tessier, Olivier"]
[Result "0-1"]
[WhiteElo "1917"]
[BlackElo "1740"]
[PlyCount "86"]
[GameId "2160767911805737"]
[EventDate "1999.01.22"]
[EventType "swiss"]
[EventRounds "5"]
[EventCountry "CAN"]

1. e4 c5 2. Nf3 Nf6 3. Nc3 d5 4. exd5 Nxd5 5. Bc4 e6 6. O-O a6 7. a4 Nc6 8. Re1 Be7 9. d3 O-O 10. Nd2 b6 11. Bb3 Bb7 12. Nxd5 exd5 13. c3 d4 14. Bc2 Bd6 15. Ne4 Be5 16. Bd2 Qc7 17. Qh5 Rae8 18. g3 Nb8 19. Re2 Nd7 20. Rae1 Qc6 21. f3 Nf6 22. Nxf6+ Bxf6 23. Kf2 g6 24. Qg4 h5 25. Qf4 Bg5 26. Qe4 Rxe4 27. fxe4 Bxd2 28. Rxd2 dxc3 29. bxc3 Qf6+ 30. Kg2 Qxc3 31. Rde2 c4 32. dxc4 Qxc4 33. Bb1 Qxa4 34. Rf2 Qb4 35. Rd2 f5 36. Ba2+ Kg7 37. Rdd1 Bxe4+ 38. Kf1 Qb5+ 39. Kf2 Qa4 40. Kf1 Bf3 41. Re7+ Kh6 42. Rdd7 Qxa2 43. h4 Rh8 0-1

[Event "Specialiste op"]
[Site "Montreal CAN"]
[Date "1999.01.24"]
[Round "5"]
[White "Hebert, Jean"]
[Black "Mikanovic, Goran"]
[Result "1-0"]
[WhiteElo "2482"]
[BlackElo "2365"]
[PlyCount "63"]
[GameId "2160767911805738"]
[EventDate "1999.01.22"]
[EventType "swiss"]
[EventRounds "5"]
[EventCountry "CAN"]

1. d4 Nf6 2. Nf3 e6 3. e3 b6 4. Bd3 Bb7 5. O-O c5 6. c4 Be7 7. Nc3 h6 8. e4 cxd4 9. Nxd4 d6 10. b3 Nbd7 11. Qe2 a6 12. Bb2 Qc7 13. Rac1 Rc8 14. f4 O-O 15. Rce1 Rcd8 16. Bb1 Rfe8 17. Rd1 Bf8 18. f5 Ne5 19. fxe6 fxe6 20. Qe3 Nfg4 21. Qg3 Qe7 22. h3 Nf6 23. Nd5 exd5 24. Nf5 Qc7 25. exd5 Bc8 26. Nxh6+ Kh8 27. Rxf6 gxh6 28. Rdf1 Bg7 29. Rf7 Qc5+ 30. Kh1 Rg8 31. Bxe5 dxe5 32. Qg6 1-0

[Event "Specialiste op"]
[Site "Montreal CAN"]
[Date "1999.01.24"]
[Round "5"]
[White "Masse, Hugues"]
[Black "Desjardins, Andre"]
[Result "1/2-1/2"]
[WhiteElo "1605"]
[BlackElo "2236"]
[PlyCount "50"]
[GameId "2160767911805739"]
[EventDate "1999.01.22"]
[EventType "swiss"]
[EventRounds "5"]
[EventCountry "CAN"]

1. d4 Nf6 2. c4 g6 3. Nc3 d5 4. cxd5 Nxd5 5. e4 Nxc3 6. bxc3 Bg7 7. Bc4 O-O 8. Be3 Nc6 9. Ne2 b6 10. O-O Bb7 11. f4 Na5 12. Bd3 f5 13. exf5 gxf5 14. Qc2 e6 15. Rae1 c5 16. dxc5 bxc5 17. Ng3 Qd5 18. Rf2 Rac8 19. Be2 Qd8 20. Bf3 Rf7 21. Bc1 Qf6 22. Bb2 Bh6 23. c4 Qh4 24. Bxb7 Rxb7 25. Rxe6 Bxf4 1/2-1/2

[Event "Specialiste op"]
[Site "Montreal CAN"]
[Date "1999.01.24"]
[Round "5"]
[White "Schleifer, Michael"]
[Black "Fillion, Steve"]
[Result "1-0"]
[WhiteElo "2433"]
[BlackElo "2142"]
[PlyCount "117"]
[GameId "2160767911805740"]
[EventDate "1999.01.22"]
[EventType "swiss"]
[EventRounds "5"]
[EventCountry "CAN"]

1. d4 d5 2. c4 c6 3. cxd5 cxd5 4. Nc3 Nf6 5. Bf4 e6 6. e3 Bd6 7. Bg5 O-O 8. Nf3 Nc6 9. Bd3 b6 10. O-O Bb7 11. Rc1 h6 12. Bh4 Rc8 13. Bb1 Be7 14. a3 Na5 15. Ne5 Nc4 16. Nxc4 Rxc4 17. f3 Qd7 18. Qd3 Rfc8 19. Qd2 a6 20. Bd3 R4c7 21. Ra1 b5 22. Bg3 Bd6 23. Bxd6 Qxd6 24. a4 b4 25. Na2 a5 26. Nc1 Qb6 27. Qe2 Nd7 28. Nb3 Nb8 29. Rfd1 Ba6 30. Bxa6 Rc2 31. Rac1 Rxc1 32. Rxc1 Rxc1+ 33. Nxc1 Nxa6 34. Nb3 Nc7 35. Qc2 Ne8 36. Qc8 Kf8 37. Qc5+ Qxc5 38. dxc5 Ke7 39. Nxa5 Kd7 40. Kf2 Nc7 41. Ke2 Na6 42. c6+ Kc7 43. Kd2 Nc5 44. Kc2 Nxa4 45. Kb3 Nc5+ 46. Kxb4 Nd3+ 47. Kc3 Ne5 48. Kd4 Nxc6+ 49. Nxc6 Kxc6 50. f4 f6 51. e4 dxe4 52. Kxe4 Kc5 53. Kd3 Kb4 54. Kc2 Kc4 55. h4 h5 56. g3 Kb4 57. b3 e5 58. fxe5 fxe5 59. Kb2 1-0

[Event "Specialiste op"]
[Site "Montreal CAN"]
[Date "1999.01.24"]
[Round "5"]
[White "Stewart, Ron"]
[Black "Lacroix, Serge"]
[Result "0-1"]
[WhiteElo "1727"]
[BlackElo "1928"]
[PlyCount "69"]
[GameId "2160767911805741"]
[EventDate "1999.01.22"]
[EventType "swiss"]
[EventRounds "5"]
[EventCountry "CAN"]
[SourceTitle "Lacroix"]

1. d4 Nf6 2. Nf3 e6 3. e3 c5 4. c3 d5 5. Bd3 Nc6 6. Nbd2 Be7 7. O-O O-O 8. Qe2 b6 9. Ne5 Nxe5 10. dxe5 Nd7 11. f4 f5 12. exf6 Nxf6 13. e4 Bb7 14. e5 Ne8 15. Qg4 Qd7 16. Rf3 c4 17. Bc2 d4 18. Be4 dxc3 19. bxc3 Bc5+ 20. Rf2 Bxf2+ 21. Kxf2 Bxe4 22. Nxe4 Qd5 23. Ng5 Qxe5 24. Qxe6+ Qxe6 25. Nxe6 Rf6 26. Nd4 Nd6 27. Kf3 Nf5 28. Nxf5 Rxf5 29. Be3 Ra5 30. a3 Rd8 31. Bd4 Rdd5 32. g4 Rdb5 33. Ra2 Rb3 34. a4 Rb1 35. Kf2 0-1

[Event "Spring Frost"]
[Site "Ottawa CAN"]
[Date "1999.02.25"]
[Round "1"]
[White "Djerkovic, Miladin"]
[Black "Pacey, Kevin"]
[Result "1/2-1/2"]
[WhiteElo "2354"]
[BlackElo "2278"]
[PlyCount "43"]
[GameId "2160767911805603"]
[EventDate "1999.02.25"]
[EventType "swiss"]
[EventRounds "6"]
[EventCountry "CAN"]

1. e4 e5 2. Nf3 Nc6 3. Bb5 a6 4. Ba4 Nf6 5. O-O Nxe4 6. d4 b5 7. Bb3 d5 8. dxe5 Be6 9. Nbd2 Nc5 10. c3 d4 11. Ng5 Qd7 12. Qf3 d3 13. Bxe6 fxe6 14. b4 Na4 15. Nde4 Nxe5 16. Nd6+ Bxd6 17. Qxa8+ Qd8 18. Qxd8+ Kxd8 19. Bf4 Ke7 20. Rfe1 Nf3+ 21. Nxf3 Bxf4 22. g3 1/2-1/2

[Event "Spring Frost"]
[Site "Ottawa CAN"]
[Date "1999.03.04"]
[Round "2"]
[White "Sarkar, Prosanto"]
[Black "Pacey, Kevin"]
[Result "0-1"]
[WhiteElo "2222"]
[BlackElo "2278"]
[PlyCount "112"]
[GameId "2160767911805604"]
[EventDate "1999.02.25"]
[EventType "swiss"]
[EventRounds "6"]
[EventCountry "CAN"]

1. Nf3 d5 2. d4 Nf6 3. Bg5 e6 4. e3 Be7 5. Bd3 c5 6. c3 Qb6 7. Qc1 Nc6 8. O-O Bd7 9. Nbd2 Rc8 10. Qb1 h6 11. Bh4 cxd4 12. exd4 Nh5 13. Bxe7 Nxe7 14. Ne5 Bb5 15. Nb3 Bxd3 16. Qxd3 Nf4 17. Qe3 Nfg6 18. Nc5 Nf5 19. Qe1 Nxe5 20. Qxe5 Qc7 21. Qe2 O-O 22. Nd3 Qc4 23. Qf3 Qa4 24. Rfe1 a5 25. g3 b6 26. h4 Nd6 27. Re2 Ne4 28. Kg2 b5 29. a3 Qc4 30. Rae1 Qc7 31. Qg4 Nf6 32. Qf3 Ne4 33. Qg4 Nf6 34. Qh3 Ne4 35. f3 Nd6 36. g4 Nc4 37. g5 Kh7 38. Qg4 g6 39. gxh6 Rg8 40. Qg5 Qd8 41. Nf2 Nd6 42. Ng4 Ne8 43. Kh3 Rb8 44. Qd2 Rb7 45. Rg1 Nf6 46. Ne5 Nh5 47. Reg2 Qf6 48. Rg4 Qf5 49. Qg5 f6 50. Qxf5 exf5 51. Nd3 fxg4+ 52. fxg4 Re7 53. gxh5 Re3+ 54. Rg3 Rxg3+ 55. Kxg3 gxh5+ 56. Kh3 Rg4 0-1

[Event "Spring Frost"]
[Site "Ottawa CAN"]
[Date "1999.03.11"]
[Round "3"]
[White "Pacey, Kevin"]
[Black "Devenport, Martin"]
[Result "1/2-1/2"]
[WhiteElo "2278"]
[BlackElo "2244"]
[PlyCount "72"]
[GameId "2160767911805605"]
[EventDate "1999.02.25"]
[EventType "swiss"]
[EventRounds "6"]
[EventCountry "CAN"]

1. g3 d5 2. Bg2 Nf6 3. d3 c6 4. Nd2 Bf5 5. b3 e6 6. Bb2 Be7 7. e3 O-O 8. Ne2 c5 9. h3 Nc6 10. g4 Bg6 11. Nf4 Nd7 12. Nxg6 hxg6 13. O-O Bf6 14. c3 Rc8 15. a3 Nde5 16. Nf3 Nxf3+ 17. Qxf3 Qb6 18. b4 cxb4 19. axb4 Nxb4 20. d4 Nc6 21. Rfb1 Qc7 22. e4 Rfd8 23. exd5 exd5 24. Bc1 b6 25. Bf4 Qd7 26. Bf1 g5 27. Bd2 Na5 28. Bb5 Qe7 29. Qf5 g6 30. Qf3 Kg7 31. Bf1 Nc4 32. Be1 Qb7 33. Ra4 Qd7 34. Ra2 Qb7 35. Ra4 Qd7 36. Ra2 Qb7 1/2-1/2

[Event "Spring Frost"]
[Site "Ottawa CAN"]
[Date "1999.03.18"]
[Round "4"]
[White "Pacey, Kevin"]
[Black "Djerkovic, Miladin"]
[Result "1/2-1/2"]
[WhiteElo "2278"]
[BlackElo "2357"]
[PlyCount "70"]
[GameId "2160767911805606"]
[EventDate "1999.02.25"]
[EventType "swiss"]
[EventRounds "6"]
[EventCountry "CAN"]

1. e4 e5 2. Nf3 Nc6 3. Bc4 Bc5 4. b4 Bxb4 5. c3 Ba5 6. Qb3 Qf6 7. d4 Nxd4 8. Nxd4 exd4 9. O-O Bb6 10. e5 Qf5 11. Ba3 Ne7 12. Bxe7 Kxe7 13. cxd4 Bxd4 14. Nc3 Bxc3 15. Qxc3 b6 16. Bd3 Qe6 17. Qxc7 Qd5 18. Rfd1 Qc6 19. Qd6+ Qxd6 20. exd6+ Kf6 21. Re1 Bb7 22. Re7 Bd5 23. f4 Rhe8 24. Rae1 Rxe7 25. Rxe7 Rd8 26. g4 g6 27. g5+ Kg7 28. a3 Be6 29. Ba6 h6 30. Bb5 hxg5 31. fxg5 Kf8 32. Kf2 Re8 33. Rxe8+ Kxe8 34. Ke3 Bd5 35. Kd4 Be6 1/2-1/2

[Event "Spring Frost"]
[Site "Ottawa CAN"]
[Date "1999.03.25"]
[Round "5"]
[White "Devenport, Martin"]
[Black "Pacey, Kevin"]
[Result "1/2-1/2"]
[WhiteElo "2244"]
[BlackElo "2278"]
[PlyCount "131"]
[GameId "2160767911805607"]
[EventDate "1999.02.25"]
[EventType "swiss"]
[EventRounds "6"]
[EventCountry "CAN"]

1. d4 d5 2. Bg5 Nf6 3. Bxf6 gxf6 4. c4 c6 5. e3 a6 6. Nc3 b5 7. cxd5 cxd5 8. Qb3 e6 9. f4 Nc6 10. Nf3 Na5 11. Qc2 Be7 12. Bd3 Nc4 13. Kf2 Bb7 14. b3 Nd6 15. Rac1 Rc8 16. Qb1 Qa5 17. Ne2 Rxc1 18. Rxc1 Ne4+ 19. Kg1 O-O 20. Rc2 Bd6 21. Qc1 Ba3 22. Qe1 Qxe1+ 23. Nxe1 Rc8 24. Nf3 Bb4 25. g4 Kf8 26. h4 h6 27. Rxc8+ Bxc8 28. Kg2 Nd2 29. Nxd2 Bxd2 30. Kf3 Be1 31. h5 Ke7 32. Bb1 b4 33. Nc1 a5 34. Nd3 Bh4 35. Nc5 Kd6 36. Bd3 e5 37. Be2 Kc6 38. Kg2 exd4 39. exd4 f5 40. g5 hxg5 41. Kh3 Bf2 42. fxg5 Bxd4 43. Nd3 Kd6 44. Kg3 Be3 45. Kh4 f4 46. Bg4 Ba6 47. Bf5 f3 48. Kg3 f2 49. Nxf2 Bxg5 50. Ng4 Be2 51. h6 Bxg4 52. h7 Bf6 53. Bxg4 Ke5 54. Kf3 Kd4 55. Bh5 Kc3 56. Bxf7 d4 57. Ke2 Kc2 58. Bg6+ Kb2 59. Kd3 Kxa2 60. Kc2 Ka3 61. Bf7 a4 62. bxa4 Kxa4 63. Bb3+ Kb5 64. Kd3 Kc5 65. Bg8 Kd6 66. Kc4 1/2-1/2

[Event "Spring Frost"]
[Site "Ottawa CAN"]
[Date "1999.04.01"]
[Round "6"]
[White "Pacey, Kevin"]
[Black "Barclay, Wayne"]
[Result "1-0"]
[WhiteElo "2278"]
[BlackElo "2265"]
[PlyCount "71"]
[GameId "2160767911805608"]
[EventDate "1999.02.25"]
[EventType "swiss"]
[EventRounds "6"]
[EventCountry "CAN"]

1. e3 g6 2. d4 Bg7 3. c4 Nf6 4. Nc3 O-O 5. Nf3 d6 6. Be2 Nbd7 7. O-O e5 8. b4 Re8 9. a4 e4 10. Nd2 Nf8 11. b5 h5 12. Ba3 Bf5 13. a5 N8h7 14. Bb4 h4 15. Nb3 Ng5 16. d5 Qc8 17. Nd4 Bg4 18. Rc1 Bxe2 19. Ncxe2 Ng4 20. Kh1 Be5 21. Nf4 Nh7 22. a6 b6 23. Nc6 Ng5 24. Ne6 Nxh2 25. Nxg5 Nxf1 26. Qxf1 Bf6 27. Nh3 Qf5 28. Bc3 Bxc3 29. Rxc3 g5 30. Rc1 Kg7 31. Qe1 Kh7 32. Nd4 Qf6 33. Qe2 Re5 34. Qh5+ Kg7 35. Nc6 Rf5 36. Qg4 1-0

[Event "Summer op"]
[Site "Edmonton CAN"]
[Date "1999.08.04"]
[Round "1"]
[White "Hughey, Micah"]
[Black "Kazakevich, Anastasia"]
[Result "1-0"]
[WhiteElo "2114"]
[BlackElo "1532"]
[PlyCount "35"]
[GameId "2160767911742759"]
[EventDate "1999.08.04"]
[EventType "swiss"]
[EventRounds "4"]
[EventCountry "CAN"]
[SourceTitle "Albertabase"]
[SourceDate "2003.08.17"]
[SourceVersion "1"]
[SourceVersionDate "2003.08.17"]
[SourceQuality "1"]

1. d4 d5 2. c4 Nf6 3. cxd5 Nxd5 4. Nf3 Bg4 5. Ne5 Bf5 6. f3 Bd7 7. Qb3 Be6 8. Qxb7 Nb6 9. e3 a6 10. Qe4 f6 11. Ng6 Bd5 12. Qh4 Rg8 13. Qxh7 Bf7 14. Be2 Qd6 15. O-O Qe6 16. Nc3 Nc6 17. d5 Nxd5 18. Bc4 1-0

[Event "Summer op"]
[Site "Edmonton CAN"]
[Date "1999.08.11"]
[Round "2"]
[White "Kazakevich, Anastasia"]
[Black "Buitendyk, Theo"]
[Result "0-1"]
[WhiteElo "1532"]
[BlackElo "2498"]
[PlyCount "84"]
[GameId "2160767911742760"]
[EventDate "1999.08.04"]
[EventType "swiss"]
[EventRounds "4"]
[EventCountry "CAN"]
[SourceTitle "Albertabase"]
[SourceDate "2003.08.17"]
[SourceVersion "1"]
[SourceVersionDate "2003.08.17"]
[SourceQuality "1"]

1. d4 Nf6 2. c4 e6 3. Nc3 Be7 4. Nf3 d5 5. Bg5 c6 6. e3 O-O 7. cxd5 exd5 8. h3 h6 9. Bh4 Bf5 10. Bd3 Bxd3 11. Qxd3 Nbd7 12. O-O Re8 13. a3 a5 14. Rfc1 Bd6 15. Rab1 a4 16. Qc2 b5 17. Ne2 Rc8 18. Bg3 Be7 19. Bh2 Ne4 20. Ne5 Nxe5 21. Bxe5 Bh4 22. g3 Be7 23. g4 Qd7 24. Nc3 Ng5 25. Kg2 h5 26. Qf5 Qxf5 27. gxf5 f6 28. Bf4 Nf7 29. Rc2 Nd6 30. Rbc1 Nc4 31. Ra1 Kf7 32. Nb1 Rg8 33. Kh2 g5 34. fxg6+ Rxg6 35. f3 Rcg8 36. Nc3 f5 37. Rf1 Ke6 38. Kh1 Bd6 39. Bxd6 Kxd6 40. Re2 Rg3 41. Kh2 h4 42. Nb1 Re8 0-1

[Event "Summer op"]
[Site "Edmonton CAN"]
[Date "1999.08.25"]
[Round "4"]
[White "Kazakevich, Anastasia"]
[Black "Mendryk, Wayne"]
[Result "1-0"]
[WhiteElo "1532"]
[BlackElo "1470"]
[PlyCount "92"]
[GameId "2160767911742761"]
[EventDate "1999.08.04"]
[EventType "swiss"]
[EventRounds "4"]
[EventCountry "CAN"]
[SourceTitle "Albertabase"]
[SourceDate "2003.08.17"]
[SourceVersion "1"]
[SourceVersionDate "2003.08.17"]
[SourceQuality "1"]

1. d4 Nf6 2. c4 e6 3. Nf3 b6 4. Bg5 Bb7 5. e3 d5 6. Nc3 Be7 7. Bd3 Nbd7 8. O-O O-O 9. Rc1 c5 10. a3 h6 11. Bf4 Nh5 12. Re1 Nxf4 13. exf4 Nf6 14. dxc5 bxc5 15. Ne5 Rc8 16. Rb1 d4 17. Ne4 Nxe4 18. Bxe4 Bxe4 19. Rxe4 Bd6 20. Qd2 f6 21. Nd3 Qd7 22. Rc1 Rce8 23. b4 cxb4 24. axb4 e5 25. fxe5 fxe5 26. c5 Bb8 27. Qc2 Qd5 28. f3 Re7 29. Qc4 Qxc4 30. Rxc4 Bc7 31. f4 Rfe8 32. fxe5 Bxe5 33. Nxe5 Rxe5 34. Rxe5 Rxe5 35. Rxd4 Re7 36. Rf4 Kh7 37. Kf2 g5 38. Rd4 Kg7 39. Kf3 Kf6 40. Re4 Rc7 41. Ke3 Rc6 42. Kd4 Re6 43. Rxe6+ Kxe6 44. b5 Kd7 45. b6 axb6 46. cxb6 Kc6 1-0

[Event "Summer op"]
[Site "Winnipeg CAN"]
[Date "1999.07.23"]
[Round "1"]
[White "Gannon, Keith"]
[Black "Gibson, Kris"]
[Result "1/2-1/2"]
[WhiteElo "1654"]
[BlackElo "1760"]
[PlyCount "128"]
[GameId "2160767911742957"]
[EventDate "1999.07.23"]
[EventType "swiss"]
[EventRounds "5"]
[EventCountry "CAN"]

1. e4 e5 2. Nf3 Nf6 3. d3 Nc6 4. Nc3 Bb4 5. Bd2 O-O 6. Be2 d5 7. Nxd5 Bxd2+ 8. Qxd2 Nxd5 9. exd5 Qxd5 10. O-O Nd4 11. Nxd4 exd4 12. Bf3 Qb5 13. b3 c5 14. Rfe1 Be6 15. a4 Qd7 16. Rac1 Rad8 17. Re2 Bf5 18. Rce1 Rfe8 19. Rxe8+ Rxe8 20. Rxe8+ Qxe8 21. Qe2 Qd7 22. Bxb7 g5 23. Ba6 Bg4 24. Qe1 h5 25. Bb5 Qd6 26. f3 Bf5 27. Bc4 Kg7 28. c3 Qf4 29. b4 Kg6 30. bxc5 h4 31. cxd4 Qxd4+ 32. Qf2 Qa1+ 33. Qf1 Qxa4 34. h3 Qa3 35. c6 Qc5+ 36. Qf2 Qxc6 37. Qxa7 Be6 38. Qd4 Bf5 39. Qe3 Qd6 40. d4 Bxh3 41. Bd3+ Bf5 42. Bxf5+ Kxf5 43. Qe4+ Kf6 44. Qe3 Qe6 45. Qc3 Kf5 46. Qc5+ Kg6 47. Qc2+ f5 48. Qc3 Qd6 49. Qc4 Kg7 50. Qd3 h3 51. gxh3 Qg3+ 52. Kf1 Qxh3+ 53. Ke2 Qg2+ 54. Ke1 Qg1+ 55. Ke2 Qg2+ 56. Ke1 Qg3+ 57. Ke2 Qf4 58. d5 Kf7 59. Qb5 Qe5+ 60. Kf2 Qd4+ 61. Kf1 Qd1+ 62. Kf2 Qd4+ 63. Kf1 Qd1+ 64. Kf2 Qd4+ 1/2-1/2

[Event "Summer op"]
[Site "Winnipeg CAN"]
[Date "1999.07.23"]
[Round "1"]
[White "Gushuliak, Justin"]
[Black "Moffat, Ron"]
[Result "1/2-1/2"]
[WhiteElo "2107"]
[BlackElo "1678"]
[PlyCount "56"]
[GameId "2160767911742958"]
[EventDate "1999.07.23"]
[EventType "swiss"]
[EventRounds "5"]
[EventCountry "CAN"]

1. e4 c5 2. Nf3 e6 3. c3 d5 4. e5 Nc6 5. d4 cxd4 6. cxd4 Qb6 7. Nc3 Bb4 8. Bd3 Bd7 9. Be3 Nge7 10. O-O O-O 11. Bxh7+ Kxh7 12. Ng5+ Kg6 13. h4 f6 14. h5+ Kh6 15. exf6 Rxf6 16. Qg4 Nf5 17. Nge4+ Kh7 18. Nxf6+ gxf6 19. Qg6+ Kh8 20. Qxf6+ Kg8 21. g4 Nxe3 22. h6 Qxd4 23. Qg6+ Kh8 24. fxe3 Qxe3+ 25. Kg2 Bxc3 26. bxc3 Rg8 27. Qf6+ Kh7 28. Qf7+ Kh8 1/2-1/2

[Event "Summer op"]
[Site "Winnipeg CAN"]
[Date "1999.07.23"]
[Round "1"]
[White "Xia, Yanchong"]
[Black "Remillard, John"]
[Result "1-0"]
[WhiteElo "1755"]
[BlackElo "1615"]
[PlyCount "63"]
[GameId "2160767911742959"]
[EventDate "1999.07.23"]
[EventType "swiss"]
[EventRounds "5"]
[EventCountry "CAN"]

1. e4 e5 2. Nf3 Nc6 3. Bb5 d6 4. d4 Bd7 5. d5 Nce7 6. Bxd7+ Qxd7 7. c4 f5 8. Nc3 h6 9. O-O f4 10. b4 g5 11. Qa4 Ng6 12. Qxd7+ Kxd7 13. Nd2 Nf6 14. Nb3 b6 15. a4 h5 16. Bd2 Bh6 17. c5 h4 18. Ra2 bxc5 19. bxc5 Rhb8 20. c6+ Ke7 21. Rb2 Rb4 22. f3 Rab8 23. Nb5 R4xb5 24. axb5 Rxb5 25. Ra1 Rb8 26. Rxa7 Rc8 27. Ba5 Kd8 28. Nc1 Nh8 29. Rbb7 Ne8 30. Na2 Nf7 31. Nb4 Bf8 32. Na6 1-0

[Event "Summer op"]
[Site "Winnipeg CAN"]
[Date "1999.07.24"]
[Round "2"]
[White "Gannon, Keith"]
[Black "Gushuliak, Justin"]
[Result "0-1"]
[WhiteElo "1654"]
[BlackElo "2107"]
[PlyCount "88"]
[GameId "2160767911742960"]
[EventDate "1999.07.23"]
[EventType "swiss"]
[EventRounds "5"]
[EventCountry "CAN"]

1. e4 c5 2. Nf3 Nc6 3. Be2 g6 4. O-O Bg7 5. d3 e6 6. c3 Nge7 7. d4 cxd4 8. cxd4 d5 9. e5 O-O 10. Nc3 a6 11. a3 b5 12. Bg5 Bb7 13. b4 f6 14. exf6 Bxf6 15. Bxf6 Rxf6 16. Rb1 Qb6 17. a4 Nf5 18. axb5 Ncxd4 19. bxa6 Bxa6 20. Nxd4 Qxd4 21. Bxa6 Rxa6 22. Qxd4 Nxd4 23. Rfd1 Nc2 24. Rb2 Na3 25. Ra2 Rf8 26. Nb5 Nxb5 27. Rxa6 Nc3 28. Re1 Rb8 29. Raxe6 Rxb4 30. h3 d4 31. Rd6 Rb2 32. Rd8+ Kf7 33. Rd7+ Kf6 34. Kf1 Rd2 35. Rxh7 d3 36. Rhe7 Rc2 37. R7e6+ Kf7 38. Re7+ Kf6 39. R7e6+ Kg5 40. Rc6 d2 41. Rd1 Nxd1 42. Rxc2 Ne3+ 43. Ke2 d1=Q+ 44. Kxe3 Qxc2 0-1